| 000 | 00571nam a2200181Ia 4500 | ||
|---|---|---|---|
| 008 | 090201s9999 xx 000 0 und d | ||
| 010 | _aKPL-66913 | ||
| 040 | _bमराठी | ||
| 041 | _aमराठी | ||
| 082 |
_a43340 _b66913 |
||
| 100 | _aभास्कर देशमुख | ||
| 245 |
_aअलौकिक स्त्री _cभास्कर देशमुख |
||
| 250 | _a1 | ||
| 260 |
_c2005 _bमंगलदीप प्रकाशन |
||
| 300 |
_a312 _bमोठा |
||
| 600 | _aअलौकिक स्त्री | ||
| 942 | _cBOOK | ||
| 999 |
_c240381 _d240381 |
||